Involvement of Youth in Health Education and Health Promotion Tobacco, Alcohal and Substance Abuse (Record no. 1457914)
[ view plain ]
| 000 -LEADER | |
|---|---|
| fixed length control field | 00614nam a2200205Ia 4500 |
| 005 - DATE AND TIME OF LATEST TRANSACTION | |
| control field | 20250923145950.0 |
| 008 - FIXED-LENGTH DATA ELEMENTS--GENERAL INFORMATION | |
| fixed length control field | 008 250917s9999 xx 000 0 eng d |
| 037 ## - SOURCE OF ACQUISITION | |
| Stock number | Textual |
| 040 ## - CATALOGING SOURCE | |
| Original cataloging agency | DSWL |
| Language of cataloging | eng |
| Transcribing agency | DSWL |
| 041 ## - LANGUAGE CODE | |
| Language code of text/sound track or separate title | eng |
| Source of code | eng |
| 084 ## - COLON CLASSIFICATION NUMBER | |
| Classification number | Y12:41, N96 |
| Assigning agency | DSWL |
| 245 #0 - TITLE STATEMENT | |
| Title | Involvement of Youth in Health Education and Health Promotion Tobacco, Alcohal and Substance Abuse |
| Statement of responsibility, etc. | Ed. by U.S. Nayar |
| 260 ## - PUBLICATION, DISTRIBUTION, ETC. | |
| Place of publication, distribution, etc. | Mumbai |
| Name of publisher, distributor, etc. | TISS |
| Date of publication, distribution, etc. | 1996 |
| 300 ## - PHYSICAL DESCRIPTION | |
| Extent | xiv,150 p. |
| 365 ## - TRADE PRICE | |
| Price amount | Gift |
| 700 ## - ADDED ENTRY--PERSONAL NAME | |
| Personal name | L. Narayan |
| 9 (RLIN) | 840811 |
| 925 ## - | |
| -- | Gift |
| 942 ## - ADDED ENTRY ELEMENTS (KOHA) | |
| Koha item type | Textual |
| Classification part | Y12:41, N96 |
| Withdrawn status | Lost status | Damaged status | Not for loan | Home library | Current library | Date acquired | Total Checkouts | Full call number | Barcode | Date last seen | Price effective from | Koha item type |
|---|---|---|---|---|---|---|---|---|---|---|---|---|
| Department of Social Work Library | Department of Social Work Library | 2025-09-23 | Y12:41, N96 | SW0026173 | 2025-09-23 | 2025-09-23 | Textual |
